ბათუმის შოთა რუსთაველის სახელმწიფო უნივერსიტეტის ბიბლიოთეკა

Кладоискательство и нумизматика / (ბიბ.ჩანაწერი № 61454)

000 -LEADER
fixed length control field 00669nam a22001937a 4500
005 - DATE AND TIME OF LATEST TRANSACTION
control field 20240315104824.0
008 - FIXED-LENGTH DATA ELEMENTS--GENERAL INFORMATION
fixed length control field 240315s1974 ru ||||| |||| 00| 0 rus d
041 ## - LANGUAGE CODE
Language code of text/sound track or separate title rus
080 ## - UNIVERSAL DECIMAL CLASSIFICATION NUMBER
Universal Decimal Classification number 902.9 K-73
100 ## - MAIN ENTRY--PERSONAL NAME
Personal name Котляр, Н.Ф.
9 (RLIN) 21435
245 ## - TITLE STATEMENT
Title Кладоискательство и нумизматика /
Statement of responsibility, etc. Н.Ф. Котляр.
264 ## - PRODUCTION, PUBLICATION, DISTRIBUTION, MANUFACTURE, AND COPYRIGHT NOTICE
Place of production, publication, distribution, manufacture Киев:
Name of producer, publisher, distributor, manufacturer Наукова думка,
Date of production, publication, distribution, manufacture, or copyright notice 1974.
300 ## - PHYSICAL DESCRIPTION
Extent 125 с. :
Other physical details ил.;
Dimensions 17 см.
440 ## - SERIES STATEMENT/ADDED ENTRY--TITLE
Title научно-популярная литература
9 (RLIN) 21436
653 ## - INDEX TERM--UNCONTROLLED
keyword ნუმიზმატიკა
653 ## - INDEX TERM--UNCONTROLLED
keyword არქეოლოგია
653 ## - INDEX TERM--UNCONTROLLED
keyword განძი
942 ## - ADDED ENTRY ELEMENTS (KOHA)
Source of classification or shelving scheme
Koha item type წიგნი
ეგზემპლარები
Withdrawn status Lost status Source of classification or shelving scheme Damaged status Not for loan Permanent Location Current Location Shelving location Date acquired Cost, normal purchase price Full call number Barcode Date last seen Copy number Uniform Resource Identifier Price effective from Koha item type Public note
          ბათუმის შოთა რუსთაველის სახელმწიფო უნივერსიტეტის მთავარი ბიბლიოთეკა ბათუმის შოთა რუსთაველის სახელმწიფო უნივერსიტეტის მთავარი ბიბლიოთეკა წიგნსაცავი 2024-03-15 4.00 902.9 K-73 65820 2024-03-15 65820 ბსუ-ს საპატიო დოქტორის გურამ ლორთქიფანიძის საჩუქარი 2024-03-15 წიგნი 4 ლ.